| 000 | 00475cam a2200157 a 4500 | ||
|---|---|---|---|
| 020 |
_a0312092628 : _c$21.95 ($29.99 Can.) |
||
| 050 | 0 | 0 |
_aHF5548.8 _b.M49 1993 |
| 100 | 1 |
_aMiller, James B. _d1930- |
|
| 245 | 1 | 4 |
_aThe corporate coach / _cJames B. Miller with Paul B. Brown ; foreword by Ron Zemke. |
| 250 | _a1st ed. | ||
| 260 |
_aNew York : _bSt. Martin's Press, _c1993. |
||
| 300 | _axv, 236 p. ; | ||
| 500 | _aIncludes index. | ||
| 700 | 1 | _aBrown, Paul B. | |
| 942 |
_2lcc _cGEN |
||
| 999 |
_c8146 _d8146 |
||